| 000 | 00910nas a2200289 4500 | ||
|---|---|---|---|
| 001 | BR0104371 | ||
| 003 | BR-BrBNA | ||
| 005 | 20231205102643.0 | ||
| 007 | ta | ||
| 008 | 230509b bl.|||p| |||| 00| 00por d | ||
| 040 |
_aBR-BrBNA _bpor _cBiblioteca Nacional de Agricultura |
||
| 041 | _a(Pt) | ||
| 072 | _aF63 | ||
| 100 | 1 | _aRego, L. do V. | |
| 100 | 1 | _aBernardi, A. | |
| 100 | 1 | _aTakahashi, L.S.A. | |
| 100 | 1 | _aFaria, R.T. de | |
| 245 | 1 | _aDesenvolvimento vegetativo de genótipos de orquídeas brasileiras em substratos alternativos ao xaxim | |
| 650 | _aORQUÍDEA | ||
| 650 | _aGENÓTIPO | ||
| 650 | _aSUBSTRATO DE CULTURA | ||
| 650 | _aCRESCIMENTO | ||
| 650 | _aCARACTERÍSTICAS AGRONÔMICAS | ||
| 773 | 0 |
_tRevista Brasileira de Horticultura Ornamental (Brazil) _xISSN 1414-039X _g(2000), v. 6(1-2) p. 75-79 _wBR0104371 |
|
| 909 |
_a202311 _bLúcia _c55 _dLúcia Elande |
||
| 942 |
_2AGRIS _n0 _cANA |
||
| 999 |
_c168639 _d168639 |
||